[Event "Champ FRA - Under 12"]
[Site "Europe Echecs"]
[Date "2020.07.08"]
[Round "3"]
[White "RoblinOlivier"]
[Black "BreuilVirgile"]
[Result "0-1"]
[WhiteElo "1352"]
[BlackElo "1622"]
[PlyCount "52"]
[EventDate "2020.??.??"]

1. e4 e5 2. Nf3 Nc6 3. Bc4 Be7 4. O-O Nf6 5. Nc3 d6 6. h3 O-O 7. d3 h6 8. Be3
Be6 9. Bb3 d5 10. exd5 Nxd5 11. Nxd5 Bxd5 12. Bxd5 Qxd5 13. Qe2 Rad8 14. Nd2 f5
15. Nc4 b5 16. Na3 f4 17. Bd2 Nd4 18. Qd1 f3 19. g3 Qe6 20. Kh2 Rf5 21. c3 Rh5
22. h4 Qg4 23. Rh1 e4 24. Qf1 Bd6 25. cxd4 Qxh4+ 26. Kg1 Qxh1# {RoblinOlivier
est échec et mat} 0-1

[Event "Champ FRA - Under 12"]
[Site "Europe Echecs"]
[Date "2020.07.08"]
[Round "3"]
[White "AuribaultLouis"]
[Black "HorenfeldMelvi"]
[Result "1-0"]
[WhiteElo "1618"]
[BlackElo "1200"]
[PlyCount "125"]
[EventDate "2020.??.??"]

1. e4 e6 2. d4 d5 3. Bd3 c5 4. exd5 exd5 5. c3 cxd4 6. cxd4 Nc6 7. Nf3 Bg4 8.
Be3 Bb4+ 9. Nc3 Nf6 10. O-O O-O 11. h3 Bh5 12. a3 Ba5 13. b4 Bb6 14. Be2 a6 15.
Rc1 a5 16. b5 Ne7 17. Ne5 Bxe2 18. Qxe2 Nf5 19. Qd2 Ne4 20. Nxe4 dxe4 21. Rfd1
Qe7 22. a4 Rfd8 23. Nc4 Bxd4 24. Bxd4 Rxd4 25. Qe2 Rxd1+ 26. Rxd1 h6 27. Nb6
Rd8 28. Rxd8+ Qxd8 29. Qxe4 Qxb6 30. Qxf5 Qe6 31. Qc2 Qe1+ 32. Kh2 Qe5+ 33. g3
Qe7 34. Qc8+ Kh7 35. Qa8 Qc5 36. Qxb7 Qxf2+ 37. Qg2 Qd4 38. Qc2+ g6 39. Kg2
Qd5+ 40. Kh2 Qb7 41. Qc5 Qd7 42. Qc2 Kg7 43. Qc3+ Kh7 44. Qxa5 Qe6 45. Qd2 Qb6
46. Qa2 Kg7 47. a5 Qxb5 48. a6 Qb8 49. a7 Qa8 50. Qb2+ f6 51. Qb8 Qd5 52. a8=Q
Qd2+ 53. Qg2 Qd7 54. Qgb7 Qxb7 55. Qxb7+ Kf8 56. Kg2 f5 57. Kf3 g5 58. g4 h5
59. gxf5 g4+ 60. hxg4 h4 61. f6 h3 62. Qe7+ Kg8 63. Qg7# {HorenfeldMelvi est
échec et mat} 1-0

[Event "Champ FRA - Under 12"]
[Site "Europe Echecs"]
[Date "2020.07.08"]
[Round "3"]
[White "VarinTimeo"]
[Black "NoerdingerLeo"]
[Result "1-0"]
[WhiteElo "1287"]
[BlackElo "1605"]
[PlyCount "163"]
[EventDate "2020.??.??"]

1. e4 e6 2. d4 d5 3. Nd2 Nf6 4. e5 Nfd7 5. Bd3 c5 6. c3 Nc6 7. Ne2 cxd4 8. cxd4
Qb6 9. Nf3 f6 10. Nf4 fxe5 11. dxe5 Ndxe5 12. Nxe5 Nxe5 13. Qh5+ Nf7 14. O-O
Bc5 15. Bxh7 Bd7 16. Ng6 Rf8 17. Nxf8 Kxf8 18. Qf3 Rc8 19. Bg6 Be8 20. Be3 d4
21. Bg5 e5 22. Rfe1 Qxg6 23. Rxe5 Bd6 24. Rf5 Bc6 25. Qg4 Qe6 26. Rf4 Qxg4 27.
Rxg4 Nxg5 28. Rxg5 Re8 29. Rf5+ Kg8 30. Ra5 a6 31. f3 d3 32. Rd1 Bb5 33. a4 Bb4
34. axb5 Bxa5 35. Rxd3 axb5 36. Rb3 Bb6+ 37. Kf1 Re5 38. f4 Rf5 39. g3 Kf7 40.
Kg2 Ke6 41. Kf3 Rc5 42. Ke4 Rc4+ 43. Kf3 Rc5 44. Ke4 Kd6 45. Rd3+ Ke6 46. f5+
Ke7 47. Rb3 Bc7 48. h3 Kf6 49. g4 g6 50. fxg6 Kxg6 51. Kf3 Be5 52. Ke4 Bf6 53.
Kf4 Rc4+ 54. Kf3 b4 55. Kg3 b5 56. Kf3 Bh4 57. Rd3 Rc2 58. Rb3 Rc4 59. Rd3 Bf6
60. Rd5 Bxb2 61. Rxb5 Bf6 62. Kg3 Bg5 63. h4 Rc3+ 64. Kg2 Be7 65. Rb6+ Kf7 66.
g5 b3 67. g6+ Kg7 68. Rb7 Rc2+ 69. Kf3 Rc3+ 70. Kg4 Re3 71. Kf4 Re6 72. Kf5
Rxg6 73. Rxe7+ Kh6 74. Rb7 Rg3 75. h5 Rg5+ 76. Kf6 Rxh5 77. Rxb3 Rh1 78. Rf3
Kh5 79. Kf5 Kh4 80. Kf4 Ra1 81. Rf2 Ra8 82. Rh2# {NoerdingerLeo est échec et
mat} 1-0

[Event "Champ FRA - Under 12"]
[Site "Europe Echecs"]
[Date "2020.07.08"]
[Round "3"]
[White "FrelauMatthias"]
[Black "EhrhardEmeric"]
[Result "1-0"]
[WhiteElo "1592"]
[BlackElo "1096"]
[PlyCount "51"]
[EventDate "2020.??.??"]

1. d4 d5 2. Nf3 e6 3. Bf4 Nf6 4. e3 Nc6 5. Bb5 Bd7 6. c3 a6 7. Bd3 Be7 8. a4
O-O 9. Nbd2 Bc8 10. Ne5 Nxe5 11. dxe5 Nh5 12. Qxh5 g6 13. Qd1 Bg5 14. Bg3 f6
15. h4 Bh6 16. exf6 Qxf6 17. Nf3 Bd7 18. Bxc7 Rae8 19. Be5 Qf7 20. Bd6 e5 21.
e4 dxe4 22. Bxe4 Bg4 23. Bxf8 Rxf8 24. Bd5 Bxf3 25. Bxf7+ Rxf7 26. gxf3 {
EhrhardEmeric a abandonné} 1-0

[Event "Champ FRA - Under 12"]
[Site "Europe Echecs"]
[Date "2020.07.08"]
[Round "3"]
[White "YuMatthieu"]
[Black "TallecHadrien"]
[Result "0-1"]
[WhiteElo "1250"]
[BlackElo "1587"]
[PlyCount "56"]
[EventDate "2020.??.??"]

1. d4 d5 2. c4 e6 3. Nf3 Nf6 4. Qa4+ Nbd7 5. Nc3 Be7 6. Bf4 c6 7. e3 O-O 8. Bd3
dxc4 9. Qxc4 Nb6 10. Qb3 Nbd5 11. Bg3 Rb8 12. Nxd5 Nxd5 13. Bxb8 Qa5+ 14. Nd2
Bb4 15. Qc2 Bd7 16. Bg3 Rc8 17. Bxh7+ Kh8 18. Bd3 c5 19. e4 cxd4 20. Qd1 Ba4
21. b3 Nc3 22. Qh5+ Kg8 23. bxa4 Qxh5 24. O-O Ne2+ 25. Bxe2 Qxe2 26. Nb3 d3 27.
Nc1 Qc2 28. Rd1 Qxd1# {YuMatthieu est échec et mat} 0-1

[Event "Champ FRA - Under 12"]
[Site "Europe Echecs"]
[Date "2020.07.08"]
[Round "3"]
[White "ParalieuMaxime"]
[Black "RoySuvrojita"]
[Result "1-0"]
[WhiteElo "1569"]
[BlackElo "1080"]
[PlyCount "81"]
[EventDate "2020.??.??"]

1. d4 e6 2. c4 d5 3. Nf3 c5 4. g3 Nc6 5. Bg2 Nf6 6. O-O Bd6 7. e3 O-O 8. Nc3
Re8 9. b3 cxd4 10. exd4 e5 11. dxe5 Nxe5 12. Nxd5 Be6 13. Bg5 Nxf3+ 14. Qxf3
Bxd5 15. cxd5 Be7 16. Rfd1 h6 17. Bf4 Bd6 18. Bxd6 Qxd6 19. Rac1 Re5 20. Rc2
Rae8 21. Rcd2 Re1+ 22. Bf1 Rxd1 23. Rxd1 Re5 24. Bg2 Ne4 25. Qd3 Nc5 26. Qc4 a6
27. b4 Na4 28. Be4 Qd7 29. Rd2 b5 30. Qc2 f5 31. Bf3 Re3 32. fxe3 Qe7 33. Qc8+
Kh7 34. Qxf5+ g6 35. Qe6 Qf8 36. Be4 Qg7 37. Rf2 Qa1+ 38. Kg2 Qh8 39. Rf7+ Kg8
40. Qxg6+ Qg7 41. Qxg7# {RoySuvrojita est échec et mat} 1-0

[Event "Champ FRA - Under 12"]
[Site "Europe Echecs"]
[Date "2020.07.08"]
[Round "3"]
[White "BonfilsDussaux"]
[Black "DurandBenmouss"]
[Result "0-1"]
[WhiteElo "1240"]
[BlackElo "1558"]
[PlyCount "98"]
[EventDate "2020.??.??"]

1. d4 Nf6 2. c4 e6 3. Nf3 d5 4. Nc3 a6 5. Bg5 Bb4 6. Qa4+ Nc6 7. a3 Bxc3+ 8.
bxc3 h6 9. Bh4 g5 10. Bg3 Ne4 11. Qc2 f5 12. Be5 Nxe5 13. Nxe5 dxc4 14. Nxc4 b5
15. Ne5 Qf6 16. e3 Bb7 17. a4 c6 18. Bd3 Nd6 19. c4 b4 20. c5 Nf7 21. Nxf7 Qxf7
22. a5 Rb8 23. Rb1 Bc8 24. Qa4 Qb7 25. Bc4 Ke7 26. Ke2 e5 27. Rhd1 Be6 28. Bxe6
Kxe6 29. Rd2 Qb5+ 30. Qxb5 Rxb5 31. Rdb2 Rxa5 32. Rxb4 Rb5 33. Kd3 Rhb8 34. Kc4
e4 35. f3 exf3 36. gxf3 h5 37. h3 Rxb4+ 38. Rxb4 Rxb4+ 39. Kxb4 g4 40. hxg4
fxg4 41. fxg4 hxg4 42. e4 g3 43. Kc4 g2 44. d5+ Kd7 45. dxc6+ Kxc6 46. e5 g1=Q
47. Kb4 Qxc5+ 48. Kb3 Qxe5 49. Ka4 Qb2 {BonfilsDussaux a abandonné} 0-1

[Event "Champ FRA - Under 12"]
[Site "Europe Echecs"]
[Date "2020.07.08"]
[Round "3"]
[White "HiltonMarc"]
[Black "ClaverieGabrie"]
[Result "0-1"]
[WhiteElo "1546"]
[BlackElo "1069"]
[PlyCount "132"]
[EventDate "2020.??.??"]

1. d4 d5 2. c4 c6 3. Nc3 e6 4. Nf3 Nf6 5. e3 Bb4 6. Bd2 O-O 7. Bd3 Nbd7 8. O-O
Re8 9. e4 Bxc3 10. Bxc3 dxe4 11. Bc2 exf3 12. Qxf3 Nf8 13. Rad1 Ng6 14. Qg3 b6
15. h4 Bb7 16. Qg5 c5 17. dxc5 Qc8 18. h5 h6 19. Qg3 Nxh5 20. Qg4 Nf6 21. Bxf6
gxf6 22. Bxg6 fxg6 23. Qxg6+ Kf8 24. Qxf6+ Kg8 25. cxb6 Qc6 26. Qg6+ Kf8 27.
Rd3 Re7 28. Qxh6+ Rg7 29. Qh8+ Rg8 30. Qh6+ Rg7 31. f3 Re8 32. bxa7 Qc5+ 33.
Kh2 Qf5 34. g4 Qxd3 35. Qf6+ Kg8 36. Rf2 Rh7+ 37. Kg2 Ree7 38. Qg5+ Reg7 39.
a8=Q+ Bxa8 40. Qc5 Qd8 41. Qe5 Rf7 42. c5 Qh4 43. Kf1 Qh1+ 44. Ke2 Bxf3+ 45.
Rxf3 Qxf3+ 46. Kd2 Qf2+ 47. Kc3 Rh3+ 48. Kb4 Qd2+ 49. Kb5 Qd7+ 50. c6 Qc7 51.
Qxe6 Qb8+ 52. Kc5 Qa7+ 53. Kd5 Qxa2+ 54. Kd6 Qxe6+ 55. Kxe6 Rh6+ 56. Kd5 Rc7
57. b4 Rcxc6 58. b5 Rb6 59. Kc5 Rhg6 60. Kb4 Rxb5+ 61. Kc4 Rxg4+ 62. Kc3 Rh5
63. Kd2 Rh3 64. Ke2 Ra4 65. Kf2 Ra2+ 66. Kg1 Rb3 {HiltonMarc a abandonné} 0-1

[Event "Champ FRA - Under 12"]
[Site "Europe Echecs"]
[Date "2020.07.08"]
[Round "3"]
[White "MorinRocheHugo"]
[Black "PerrouinAlexia"]
[Result "0-1"]
[WhiteElo "1231"]
[BlackElo "1530"]
[PlyCount "68"]
[EventDate "2020.??.??"]

1. e4 e5 2. Nf3 Nc6 3. Bc4 Bc5 4. O-O Nf6 5. Nc3 d6 6. d3 Bg4 7. h3 Bh5 8. Bg5
h6 9. Bh4 Nd4 10. g4 Bg6 11. Nxd4 Bxd4 12. Nd5 c6 13. Nxf6+ gxf6 14. Qf3 Rg8
15. Bxf6 Qd7 16. a4 h5 17. g5 Bxb2 18. Rab1 Bd4 19. h4 a6 20. Rb3 b5 21. axb5
axb5 22. Bxf7+ Bxf7 23. Rb4 Bc3 24. Rb3 Bxb3 25. cxb3 Qg4+ 26. Qxg4 hxg4 27. h5
Kf7 28. f4 gxf3 29. Rxf3 Bd4+ 30. Kh2 Ke6 31. g6 Raf8 32. g7 Rxf6 33. Rxf6+
Kxf6 34. h6 Kg6 {MorinRocheHugo a abandonné} 0-1

[Event "Champ FRA - Under 12"]
[Site "Europe Echecs"]
[Date "2020.07.08"]
[Round "3"]
[White "PierrotYohann"]
[Black "CaullychurnAmb"]
[Result "1-0"]
[WhiteElo "1519"]
[BlackElo "1051"]
[PlyCount "115"]
[EventDate "2020.??.??"]

1. e4 e5 2. Nf3 Nc6 3. d4 exd4 4. Bc4 Bc5 5. c3 dxc3 6. Bxf7+ Kxf7 7. Qd5+ Ke8
8. Qh5+ g6 9. Qxc5 cxb2 10. Bxb2 Nf6 11. Qg5 Rf8 12. Nbd2 d6 13. O-O Qe7 14.
Rfe1 Bd7 15. e5 dxe5 16. Nxe5 Nxe5 17. Rxe5 Be6 18. Rae1 Kd8 19. Rxe6 Qd7 20.
Bxf6+ Kc8 21. Qe5 b6 22. Re8+ Rxe8 23. Qxe8+ Qxe8 24. Rxe8+ Kb7 25. Rxa8 Kxa8
26. a4 Kb7 27. Nc4 h5 28. Ne5 Ka6 29. Bd8 c6 30. Nxc6 Kb7 31. Na5+ bxa5 32.
Bxa5 Ka6 33. Bd2 Kb6 34. Be3+ Ka5 35. Bxa7 Kxa4 36. h3 Kb5 37. g4 hxg4 38. hxg4
Kc6 39. Be3 Kd5 40. g5 Ke5 41. Kg2 Kf5 42. f3 Ke5 43. Kg3 Kf5 44. Bf4 Ke6 45.
Kg4 Kf7 46. Be3 Kg7 47. f4 Kf7 48. f5 gxf5+ 49. Kxf5 Kg7 50. g6 Kf8 51. Kf6 Kg8
52. g7 Kh7 53. Bb6 Kg8 54. Ba7 Kh7 55. Kf7 Kh6 56. g8=Q Kh5 57. Bf2 Kh6 58.
Qg6# {CaullychurnAmb est échec et mat} 1-0

[Event "Champ FRA - Under 12"]
[Site "Europe Echecs"]
[Date "2020.07.08"]
[Round "3"]
[White "DetrazSamuel"]
[Black "MekdachiMathie"]
[Result "1-0"]
[WhiteElo "1509"]
[BlackElo "999"]
[PlyCount "105"]
[EventDate "2020.??.??"]

1. d4 Nf6 2. c4 d6 3. Nc3 g6 4. e4 Bg7 5. Nf3 Nbd7 6. h3 O-O 7. Be3 Re8 8. Qd2
e5 9. d5 Nc5 10. Bd3 c6 11. g4 cxd5 12. cxd5 b6 13. g5 Nh5 14. Bc2 f6 15. O-O-O
fxg5 16. Bxg5 Nf6 17. Rdg1 a5 18. h4 h5 19. Bxf6 Qxf6 20. Qe3 Bg4 21. Nh2 Bd7
22. Kb1 b5 23. Qg3 b4 24. Ne2 a4 25. Qxg6 Qxg6 26. Rxg6 b3 27. Bd1 bxa2+ 28.
Kxa2 Nxe4 29. Rhg1 Re7 30. Ng3 Nxg3 31. R1xg3 Bf5 32. R6g5 Rf7 33. Bxh5 Rb7 34.
Rxf5 e4 35. Ka3 Rb3+ 36. Rxb3 axb3+ 37. Kxb3 Rb8+ 38. Kc4 Rxb2 39. Bf7+ Kh7 40.
Ng4 Rc2+ 41. Kb3 Rc3+ 42. Kb4 Bd4 43. Nf6+ Kg7 44. Nxe4 Rc8 45. Be6 Bc5+ 46.
Nxc5 dxc5+ 47. Kc4 Rh8 48. Kxc5 Rxh4 49. d6 Rh8 50. d7 Ra8 51. Rf7+ Kg6 52. Re7
Kf6 53. Re8 {MekdachiMathie a abandonné} 1-0

[Event "Champ FRA - Under 12"]
[Site "Europe Echecs"]
[Date "2020.07.08"]
[Round "3"]
[White "MorlayeAlexand"]
[Black "IlinArtem"]
[Result "1/2-1/2"]
[WhiteElo "1117"]
[BlackElo "1504"]
[PlyCount "165"]
[EventDate "2020.??.??"]

1. Nf3 d5 2. d4 Nf6 3. c4 c6 4. e3 Bf5 5. Nc3 g6 6. Be2 Bg7 7. Bd2 O-O 8. O-O
Nbd7 9. Rc1 e6 10. Nh4 Ne4 11. Nxf5 Nxc3 12. bxc3 exf5 13. cxd5 cxd5 14. c4 Nf6
15. Bb4 Re8 16. Qb3 a5 17. Ba3 Qd7 18. cxd5 Qxd5 19. Qxd5 Nxd5 20. Bf3 Nb4 21.
Bxb7 Ra7 22. Bf3 Nxa2 23. Ra1 Nc3 24. Bc5 Ra6 25. Bb7 Rae6 26. Rxa5 Ne2+ 27.
Kh1 f4 28. Bd5 Rf6 29. Bc4 Nc3 30. exf4 Rxf4 31. h3 Bxd4 32. Bxd4 Rxd4 33. Rc5
Ne4 34. Rc7 Nd6 35. Ba2 Rd2 36. Ra7 Ree2 37. Bb3 Rxf2 38. Rxf2 Rxf2 39. Rd7 Rf6
40. Kh2 Kf8 41. Ba4 Nf5 42. Rd8+ Kg7 43. Rd3 Rd6 44. Rb3 Ra6 45. Be8 Re6 46.
Bd7 Rf6 47. Kg1 Nd4 48. Re3 Rd6 49. Be8 Re6 50. Rxe6 Nxe6 51. Bd7 Nc5 52. Bc6
f5 53. Kf2 Kf6 54. Ke3 Ke5 55. g3 g5 56. Be8 h6 57. Bg6 f4+ 58. gxf4+ gxf4+ 59.
Kf3 Ne6 60. h4 Nd4+ 61. Kg4 Ne6 62. Kh5 Kf6 63. Kxh6 f3 64. Bd3 Nf4 65. Bf1 Ne6
66. Kh5 Kf5 67. Bh3+ Ke5 68. Kh6 Nf4 69. Bf1 Kf6 70. Kh7 Ne2 71. h5 Ng3 72. Ba6
Nxh5 73. Kh6 Ng3 74. Kh7 Kg5 75. Kg7 Kg4 76. Kf6 Kh3 77. Ke5 Kg2 78. Kf4 Ne2+
79. Ke3 Ng3 80. Bb7 Nf5+ 81. Kd2 Nh4 82. Bxf3+ Nxf3+ 83. Ke3 {Aucun joueur n'a
le mat&eacute;riel pour mater} 1/2-1/2

[Event "Champ FRA - Under 12"]
[Site "Europe Echecs"]
[Date "2020.07.08"]
[Round "3"]
[White "DaoAntoine"]
[Black "BollengierRoma"]
[Result "1-0"]
[WhiteElo "1330"]
[BlackElo "1484"]
[PlyCount "97"]
[EventDate "2020.??.??"]

1. e4 c5 2. Nf3 d6 3. d4 cxd4 4. Nxd4 g6 5. Nc3 Bg7 6. Bc4 Nf6 7. Be3 O-O 8.
Qd2 Nc6 9. Nxc6 bxc6 10. O-O Bd7 11. Bh6 Qc7 12. Bxg7 Kxg7 13. Qf4 Rfb8 14.
Rab1 Qa5 15. e5 dxe5 16. Qf3 Rb6 17. Rfe1 Rab8 18. Bb3 Bf5 19. Na4 Rb4 20. Qxc6
Be4 21. Qc5 R4b5 22. Qc3 Rb4 23. Qc5 R4b5 24. Qxe7 Nd5 25. Bxd5 Bxd5 26. Qa3
Rb4 27. Nc3 Qc5 28. Nxd5 Qxd5 29. Red1 Qe6 30. c3 R4b6 31. h3 R8b7 32. Re1 Rc6
33. Kh1 Rbb6 34. Qxa7 Ra6 35. Qe3 Rxa2 36. Qxe5+ Qxe5 37. Rxe5 Rb6 38. Re2 Raa6
39. Kg1 f5 40. b4 Kf6 41. Rc2 Ra4 42. b5 Ke5 43. c4 Kd4 44. c5 Rb8 45. c6 Raa8
46. c7 Rc8 47. b6 Ra6 48. b7 Kd3 49. bxc8=Q {BollengierRoma a perdu au temps}
1-0

[Event "Champ FRA - Under 12"]
[Site "Europe Echecs"]
[Date "2020.07.08"]
[Round "3"]
[White "HueberMaxime"]
[Black "ColinPenelope"]
[Result "1-0"]
[WhiteElo "1420"]
[BlackElo "1290"]
[PlyCount "137"]
[EventDate "2020.??.??"]

1. e4 e5 2. Nf3 Nc6 3. d4 exd4 4. Nxd4 Nxd4 5. Qxd4 b6 6. Bc4 Nf6 7. Bg5 Bc5 8.
Qe5+ Qe7 9. Qxe7+ Bxe7 10. O-O O-O 11. e5 Ne4 12. Bxe7 Re8 13. Bd5 Rb8 14. Bh4
Nc5 15. Re1 Ba6 16. Nc3 c6 17. Bf3 b5 18. Rad1 h6 19. b4 Ne6 20. Rxd7 Rb7 21.
Bxc6 Rxd7 22. Bxd7 Rb8 23. a4 bxa4 24. Bxa4 Rxb4 25. Bb3 Rxh4 26. Ra1 Nc7 27.
Nd5 Nxd5 28. Rxa6 Nb4 29. Rxa7 Rh5 30. f4 Rh4 31. g3 Rh5 32. c3 Nc6 33. Rc7 Na5
34. Bc2 g6 35. Bd1 Rf5 36. Bg4 Rxe5 37. fxe5 h5 38. Rc8+ Kg7 39. Bf3 Nb3 40.
Rc7 Nd2 41. Bd5 Kh6 42. Bxf7 Nf3+ 43. Kf2 Nxe5 44. Bg8 Ng4+ 45. Kf3 Nxh2+ 46.
Kg2 Ng4 47. Rh7+ Kg5 48. Rg7 Ne3+ 49. Kf3 Nd1 50. c4 Nc3 51. Ra7 Kf5 52. Ra5+
Kf6 53. Ra6+ Kf5 54. Be6+ Ke5 55. Bf7 Kf5 56. Bxg6+ Ke5 57. Bxh5 Kf5 58. Bg6+
Kg5 59. g4 Nd5 60. Ra5 Kxg6 61. Rxd5 Kf6 62. Kf4 Ke6 63. Re5+ Kf7 64. Kg5 Kg7
65. Re7+ Kf8 66. Kf6 Kg8 67. Ra7 Kh8 68. Kg6 Kg8 69. Ra8# {ColinPenelope est
échec et mat} 1-0

[Event "Champ FRA - Under 12"]
[Site "Europe Echecs"]
[Date "2020.07.08"]
[Round "3"]
[White "LambertHoareau"]
[Black "DromardBenjami"]
[Result "0-1"]
[WhiteElo "1348"]
[BlackElo "1250"]
[PlyCount "160"]
[EventDate "2020.??.??"]

1. e4 e5 2. Nf3 Nc6 3. Bc4 Bc5 4. c3 Nf6 5. d4 exd4 6. O-O dxc3 7. e5 Ng8 8.
Qd5 Qe7 9. Nxc3 d6 10. Nb5 Be6 11. Qd3 Bxc4 12. Qxc4 a6 13. exd6 axb5 14. Qxb5
Qxd6 15. Re1+ Nge7 16. Bg5 O-O 17. Rad1 Qg6 18. Qxc5 Ra5 19. Qc3 Rxg5 20. Nxg5
Qxg5 21. Qg3 Qxg3 22. fxg3 h6 23. Rd7 Rc8 24. b4 Ng6 25. a3 Nge5 26. Rd2 Nc4
27. Rd3 N4e5 28. Rd5 Nc4 29. Rd3 Nd6 30. h3 Kf8 31. g4 Ra8 32. Rc1 Nb5 33. Ra1
Nd6 34. Rc1 Re8 35. Kh2 Re2 36. Rcd1 Ra2 37. R1d2 Ra1 38. Rd1 Ra2 39. R1d2 Rxd2
40. Rxd2 Ke7 41. Re2+ Kd7 42. Rd2 Ke6 43. Re2+ Ne5 44. g3 g5 45. Kg2 c6 46. a4
f6 47. a5 Kd7 48. Rd2 Ke7 49. Re2 Kf7 50. Rd2 Ndc4 51. Re2 Nd3 52. h4 gxh4 53.
gxh4 Nf4+ 54. Kf3 Nxe2 55. Kxe2 Ke6 56. Kd3 Kd5 57. h5 Ne5+ 58. Ke3 Nxg4+ 59.
Kf4 Ne5 60. Kf5 Nd3 61. Kxf6 Nf4 62. Kf5 Nxh5 63. Kg4 Nf6+ 64. Kf5 h5 65. Kxf6
h4 66. Kf5 h3 67. b5 h2 68. bxc6 Kxc6 69. a6 bxa6 70. Kg4 h1=Q 71. Kg3 Qg1+ 72.
Kf3 a5 73. Ke4 a4 74. Kf5 a3 75. Ke6 a2 76. Ke5 a1=Q+ 77. Ke4 Qae1+ 78. Kf3
Qgf2+ 79. Kg4 Qeg1+ 80. Kh3 Qfh2# {LambertHoareau est échec et mat} 0-1

[Event "Champ FRA - Under 12"]
[Site "Europe Echecs"]
[Date "2020.07.08"]
[Round "3"]
[White "BaudouinMoise"]
[Black "LeVenTelo"]
[Result "0-1"]
[WhiteElo "1135"]
[BlackElo "1720"]
[PlyCount "66"]
[EventDate "2020.??.??"]

1. c4 e5 2. g3 Nf6 3. Bg2 Bc5 4. Nc3 Nc6 5. e3 O-O 6. Nge2 d6 7. O-O Be6 8. b3
Re8 9. d4 exd4 10. exd4 Bg4 11. dxc5 dxc5 12. Qxd8 Raxd8 13. Re1 Nd4 14. f3
Bxf3 15. Bxf3 Nxf3+ 16. Kf2 Nxe1 17. Kxe1 Ne4 18. Nxe4 Rxe4 19. Bf4 Rde8 20.
Rd1 Rxe2+ 21. Kf1 Rxa2 22. Bxc7 Rb2 23. Bd6 b6 24. Ra1 a5 25. Bc7 Rxb3 26. Rd1
Rc3 27. Bxb6 Rxc4 28. Bxa5 g6 29. Bd2 Rd4 30. Kf2 c4 31. Re1 Rxd2+ 32. Kf1
Rxe1+ 33. Kxe1 Rxh2 {BaudouinMoise a abandonné} 0-1

[Event "Champ FRA - Under 12"]
[Site "Europe Echecs"]
[Date "2020.07.08"]
[Round "3"]
[White "CassamChenaiAn"]
[Black "NunesSoubeyranE"]
[Result "1-0"]
[WhiteElo "1839"]
[BlackElo "1220"]
[PlyCount "55"]
[EventDate "2020.??.??"]

1. d4 d5 2. Nf3 Nf6 3. e3 Bf5 4. Nh4 e6 5. Nxf5 exf5 6. Bd3 Qd7 7. b3 Nc6 8. a3
Bb4+ 9. axb4 Nxb4 10. Be2 O-O 11. O-O Nc6 12. c4 dxc4 13. bxc4 Rfe8 14. Nc3 a6
15. Bf3 Rab8 16. Qc2 Re6 17. d5 Ree8 18. dxc6 bxc6 19. Rd1 Qe6 20. Ne2 Rb4 21.
Nd4 Qe7 22. Ba3 Rbb8 23. Bxe7 Rxe7 24. Nxc6 Ree8 25. Nxb8 Rxb8 26. Qb2 Rxb2 27.
Rd8+ Ne8 28. Rxe8# {NunesSoubeyranE est échec et mat} 1-0

[Event "Champ FRA - Under 12"]
[Site "Europe Echecs"]
[Date "2020.07.08"]
[Round "3"]
[White "BillmannAlexan"]
[Black "ArousstamianAl"]
[Result "0-1"]
[WhiteElo "1229"]
[BlackElo "1510"]
[PlyCount "98"]
[EventDate "2020.??.??"]

1. d4 d5 2. c4 e5 3. dxe5 dxc4 4. Qa4+ Nc6 5. Qxc4 Nxe5 6. Qe4 Qe7 7. Nc3 Nc6
8. Qf3 Nf6 9. Bg5 Ne5 10. Qg3 c6 11. Nf3 Ned7 12. e3 h6 13. Bf4 g6 14. Bc4 Nb6
15. Bb3 Be6 16. Bxe6 Qxe6 17. Be5 Bg7 18. O-O O-O 19. Bd6 Rfd8 20. Bc7 Rd7 21.
Bf4 Rad8 22. h3 Nh5 23. Qh2 Nxf4 24. Qxf4 Nc4 25. Rab1 Nd2 26. Nxd2 Rxd2 27.
Rbd1 Bxc3 28. bxc3 Rxd1 29. Rxd1 Rxd1+ 30. Kh2 Kh7 31. Qc7 Qd6+ 32. Qxd6 Rxd6
33. Kg3 Rd2 34. a4 Ra2 35. f4 f5 36. Kf3 Rxa4 37. g4 Rc4 38. gxf5 gxf5 39. Kg3
Rxc3 40. Kf3 a5 41. h4 h5 42. Kf2 a4 43. Ke2 a3 44. Kf3 a2 45. Ke2 a1=Q 46. Kf2
Rc2+ 47. Kf3 Qf1+ 48. Kg3 Rg2+ 49. Kh3 Qh1# {BillmannAlexan est échec et mat}
0-1

[Event "Champ FRA - Under 12"]
[Site "Europe Echecs"]
[Date "2020.07.08"]
[Round "3"]
[White "RaykoAlexis"]
[Black "EugeneNathael"]
[Result "1-0"]
[WhiteElo "1214"]
[BlackElo "1508"]
[PlyCount "123"]
[EventDate "2020.??.??"]

1. e4 e5 2. Nf3 Nc6 3. Bb5 g6 4. d3 Bg7 5. Nc3 d6 6. h3 Bd7 7. Bg5 Nf6 8. O-O
h6 9. Bxf6 Bxf6 10. Nd5 Bg7 11. c3 Ne7 12. Bxd7+ Qxd7 13. Nxe7 Qxe7 14. Qb3 Rb8
15. Qa4+ Qd7 16. Qxa7 O-O 17. Qe3 f5 18. Rfe1 f4 19. Qd2 g5 20. d4 Qf7 21. d5
Qh5 22. Qe2 g4 23. hxg4 Qxg4 24. Nd4 Qg6 25. Ne6 f3 26. Qf1 Rfe8 27. Nxc7 Re7
28. Ne6 Rbe8 29. Nxg7 Rxg7 30. g3 h5 31. Qh3 Qh6 32. Kf1 Rf8 33. Qe6+ Qxe6 34.
dxe6 Re8 35. Re3 Rxe6 36. Rxf3 Rg4 37. Re1 Reg6 38. Ree3 Kg7 39. Ke2 h4 40.
gxh4 Rxh4 41. Rg3 Rhg4 42. Rxg4 Rxg4 43. Rg3 Rxg3 44. fxg3 Kf6 45. b4 Ke6 46.
a4 d5 47. exd5+ Kxd5 48. b5 b6 49. g4 e4 50. g5 Ke5 51. g6 Kf6 52. Ke3 Kxg6 53.
Kxe4 Kf6 54. Kd5 Kf5 55. Kc6 Ke4 56. Kxb6 Kd3 57. Kc7 Kxc3 58. b6 Kb2 59. b7
Ka1 60. b8=Q Ka2 61. a5 Ka3 62. a6 {EugeneNathael a abandonné} 1-0

[Event "Champ FRA - Under 12"]
[Site "Europe Echecs"]
[Date "2020.07.08"]
[Round "3"]
[White "GarrigueMahel"]
[Black "TouillerThibau"]
[Result "0-1"]
[WhiteElo "1212"]
[BlackElo "1504"]
[PlyCount "82"]
[EventDate "2020.??.??"]

1. e4 e6 2. d4 d5 3. Nc3 Bb4 4. Bd3 dxe4 5. Bxe4 Nf6 6. Bd3 O-O 7. Bg5 Nc6 8.
Bxf6 Qxf6 9. Nf3 Rd8 10. O-O a6 11. Ne2 b6 12. a3 Bd6 13. c3 Bb7 14. Qd2 Na5
15. Rab1 Bxf3 16. gxf3 Qxf3 17. Qc2 Qh3 18. Ng3 h5 19. Qe2 g6 20. f4 c5 21. Ne4
cxd4 22. cxd4 Nc6 23. Rf3 Qg4+ 24. Kf2 Qh4+ 25. Kg1 Nxd4 26. Qe3 Nxf3+ 27. Qxf3
Bxf4 28. h3 f5 29. Nf2 Qg3+ 30. Qxg3 Bxg3 31. Bc4 Bxf2+ 32. Kxf2 Kf7 33. Re1
Rd2+ 34. Kf3 Re8 35. Bxa6 Rxb2 36. Bc4 Kf6 37. Kf4 e5+ 38. Kf3 e4+ 39. Ke3 Rh2
40. Rd1 Rxh3+ 41. Kf4 g5# {GarrigueMahel est échec et mat} 0-1

[Event "Champ FRA - Under 12"]
[Site "Europe Echecs"]
[Date "2020.07.08"]
[Round "3"]
[White "SoyeuxGabriel"]
[Black "PerezRaphael"]
[Result "1-0"]
[WhiteElo "1501"]
[BlackElo "1190"]
[PlyCount "91"]
[EventDate "2020.??.??"]

1. d4 d5 2. Bf4 Nc6 3. e3 Bf5 4. Nf3 Nb4 5. Bd3 Bxd3 6. cxd3 Nf6 7. Qa4+ Nc6 8.
Ne5 Qd7 9. Nxd7 Nxd7 10. Bxc7 e6 11. Nc3 Nb4 12. Kd2 Rc8 13. Bg3 Nc6 14. a3 Nb6
15. Qd1 h5 16. h3 h4 17. Bh2 g5 18. Nb5 Kd7 19. Rc1 Be7 20. Qf3 Rcf8 21. g4 Na5
22. Rc7+ Kd8 23. Rxe7 Kxe7 24. Bd6+ Kd7 25. Bxf8 Rxf8 26. Ke2 Nb3 27. Nc3 Kd6
28. Qf6 Nd7 29. Qxg5 Nb8 30. Qe5+ Kd7 31. Nb5 Rc8 32. Qd6+ Ke8 33. Nc7+ Rxc7
34. Qxc7 Nc6 35. Qxb7 Nca5 36. Qxa7 Kf8 37. Qb8+ Kg7 38. Qe5+ Kg6 39. f4 Kh6
40. f5 Kg5 41. fxe6+ Kg6 42. exf7 Kxf7 43. Rf1+ Kg6 44. Rf6+ Kg7 45. Qe7+ Kg8
46. Rf8# {PerezRaphael est échec et mat} 1-0

[Event "Champ FRA - Under 12"]
[Site "Europe Echecs"]
[Date "2020.07.08"]
[Round "3"]
[White "MindeBaptiste"]
[Black "NguyenSohayb"]
[Result "1-0"]
[WhiteElo "1210"]
[BlackElo "1473"]
[PlyCount "117"]
[EventDate "2020.??.??"]

1. d4 Nf6 2. Nf3 e6 3. e3 d5 4. Bd3 c5 5. c3 Nc6 6. Nbd2 Be7 7. O-O O-O 8. Qe2
b6 9. e4 dxe4 10. Nxe4 Bb7 11. Nxf6+ Bxf6 12. Qe4 g6 13. Bh6 Bg7 14. Bxg7 Kxg7
15. Ne5 Nxe5 16. Qxe5+ Kg8 17. Be4 Bxe4 18. Qxe4 Qd5 19. Qxd5 exd5 20. dxc5
bxc5 21. Rad1 Rad8 22. Rfe1 Rfe8 23. Kf1 Rxe1+ 24. Kxe1 Kg7 25. Ke2 f5 26. Kf3
Kf6 27. Re1 d4 28. Rd1 g5 29. cxd4 Rxd4 30. Rxd4 cxd4 31. Ke2 Ke5 32. Kd3 f4
33. g3 h5 34. gxf4+ gxf4 35. f3 h4 36. h3 a6 37. b4 Kd5 38. a3 Ke5 39. a4 Kd5
40. b5 axb5 41. axb5 Kc5 42. b6 Kxb6 43. Kxd4 Kc6 44. Ke5 Kd7 45. Kxf4 Ke6 46.
Kg4 Kf7 47. Kxh4 Kf6 48. Kg4 Kg6 49. h4 Kf6 50. f4 Kg6 51. f5+ Kh6 52. h5 Kg7
53. Kg5 Kf7 54. h6 Kg8 55. Kg6 Kh8 56. f6 Kg8 57. f7+ Kf8 58. h7 Ke7 59. h8=Q {
NguyenSohayb a abandonné} 1-0